Vermeer (Registro nro. 310118)
[ vista simple ]
| 000 -ENCABEZADO | |
|---|---|
| Número de control [NR] | 04125cgm a2200553Ma 4500 |
| 001 - NÚMERO DE CONTROL | |
| control field | on1035117531 |
| 005 - FECHA Y HORA DE LA ÚLTIMA TRANSACCIÓN | |
| control field | 20180719103026.0 |
| 007 - CAMPO DESCRIPCIÓN FÍSICA FIJA - INFORMACIÓN GENERAL | |
| fixed length control field | vd cvaizs |
| 008 - DE LONGITUD FIJA DE DATOS DE ELEMENTOS - INFORMACIÓN GENERAL | |
| Elementos de longitud fija [NR] | 180719s2013 enk086 vleng d |
| 024 1# - OTRO IDENTIFICADOR NORMALIZADO [R] | |
| Número o código normalizado [NR] | 5060115340397 |
| 028 40 - NUMERO DEL EDITOR [R] | |
| Número del editor [NR] | SEV181 |
| 035 ## - NUMERO DE CONTROL DEL SISTEMA [R] | |
| Número de control del sistema [NR] | (OCoLC)1035117531 |
| 040 ## - FUENTE DE CATALOGACION [NR] | |
| Agencia de catalogación original [NR] | Co-BoUCM |
| Idioma de catalogación [NR] | spa |
| Quien Cataloga | Saul Niño |
| Quien Clasifica | Saul Niño |
| 041 1# - CODIGO DE IDIOMA [R] | |
| Código de idioma para texto/pista de sonido o título separado [R] | Inglés |
| Language code of original and/or intermediate translations of text | eng |
| 043 ## - CODIGO DE AREA GEOGRAFICA [NR] | |
| Código de área geográfica [R] | e-ne--- |
| 050 14 - SIGNATURA TOPOGRAFICA DE LA BIBLIOTECA DEL CONGRESO (LC) [R] | |
| Número clasificador [R] | ND653.V5 |
| Número del ítem [NR] | V476 2013 |
| 082 04 - NUMERO DE CLASIFICACION DECIMAL DEWEY [R] | |
| Número de clasificación [R] | 759.9492 |
| Número de la edición [NR] | 20 |
| 245 00 - MENCION DE TITULO [NR] | |
| Título [NR] | Vermeer |
| Parte restante del título [NR] | from the National Gallery, London |
| Mención de responsabilidad, etc. [NR] | Phil Grabsky Films.com, in association with BY Experience HD present Exhibition on screen ; written and directed by Phil Grabsky, Ben Harding |
| 246 3# - FORMA VARIANTE DEL TITULO [R] | |
| Título propiamente dicho/forma breve del título [NR] | Johannes Vermeer |
| Parte restante del título [NR] | Vermeer and music, the art of love and leisure |
| 260 ## - PUBLICACION, DISTRIBUCION, ETC. (PIE DE IMPRENTA) [R] | |
| Lugar de publicación, distribución, etc. [R] | [Brighton, England] |
| Nombre del editor, distribuidor, etc. [R] | Seventh Art Productions |
| Fecha de publicación, distribución, etc. [R] | [2013] |
| 300 ## - DESCRIPCION FISICA [R] | |
| Extensión [R] | 1 DVD (86 minutos) |
| Otros detalles físicos [NR] | sonido, color |
| 490 0# - MENCION DE SERIE [R] | |
| Mención de serie [R] | Exhibition on screen |
| Designación numérica/secuencial del volumen [NR] | 03 |
| 500 ## - NOTA GENERAL [R] | |
| Nota general [NR] | Extras: interview with Phil Grabsky ; Arthur Wheelock on Vermeer and Rembrandt ; Arthur Wheelock on Vermeer contemporaries ; Vermeer paintings at the National Gallery Washington ; Walter Liedtke on Vermeer paintings at the Met NY. |
| 508 ## - NOTA DE CREDITOS DE CREACION/PRODUCCION [R] | |
| Nota de créditos de creación/producción [NR] | Executive producer, Phil Grabsky ; executive producers for Cinama, Julie Borchard-Young, Robert Borchard-Young for BY Experience ; music, Ernst Stolz, Trond Bengtson ; camera, Ray Brislin and three others ; editors, David Bickerstaff, Tom Thistlethwaite. |
| 511 0# - NOTA DE PARTICIPANTE O INTERPRETE [R] | |
| Nota de participante o intérprete [NR] | Presented by Tim Marlow ; narrator, Clare Corbett ; interviewees, Betsy Wieseman, Arthur Wheelock. |
| 520 ## - NOTA DE RESUMEN, ETC. [R] | |
| Nota de sumario, etc. [NR] | "Johannes Vermeer (1632-1675) es un pintor fascinante que explora la vida y las obras aquí en detalle. Filmada en la National Gallery de Londres, el Met de Nueva York y otras galerías en los Estados Unidos y los Países Bajos, esta película se adentra en una impresionante colección de las mejores obras de Vermeer y ofrece una biografía detallada del artista, su vida y su época. Una exposición de actividades musicales de época se mezcla hábilmente con el arte de Vermeer y sus contemporáneos. La música en vivo de la Academia de Música Antigua sirve como una hermosa banda sonora para la vista maravillosa de las pinturas de Vermeer. Tim Marlow, historiador de arte y locutor de arte de fama mundial, nos guía a través de la obra de arte y ofrece una biografía de primer nivel de Johannes Vermeer. Él invita a los comentarios de las principales autoridades sobre bellas artes y de Tracy Chevalier, cuya novela best-seller, inspirada por Vermeer, se convirtió en la película de gran éxito, Girl with a Pearl Earring. La exposición de la National Gallery se ha cerrado y muchas piezas son demasiado frágiles para volver a viajar, pero todo esto se puede disfrutar en DVD. Los extras adicionales incluyen escenas adicionales, entrevistas con invitados especiales (como los curadores Arthur Wheelock y Walter Liedtke) y una entrevista con el director." |
| 538 ## - NOTA DE DETALLES DEL SISTEMA [R] | |
| Nota de detalles del sistema [NR] | DVD; NTSC; todas las regiones ; widescreen presentation; Dolby digital 2.0. |
| 546 ## - NOTA DE IDIOMA [R] | |
| Nota de idioma [NR] | Audio en inglés, subtítulos en español, inglés, francés, alemán, italiano |
| 600 10 - ASIENTO SECUNDARIO DE MATERIA - NOMBRE PERSONAL [R] | |
| Nombre personal [NR] | Vermeer, Johannes |
| Fechas asociadas con el nombre [NR] | 1632-1675 |
| 9 (RLIN) | 93174 |
| 600 10 - ASIENTO SECUNDARIO DE MATERIA - NOMBRE PERSONAL [R] | |
| Nombre personal [NR] | Vermeer, Johannes |
| Fechas asociadas con el nombre [NR] | 1632-1675 |
| Subdivisión de forma [R] | Exposiciones |
| 9 (RLIN) | 93176 |
| 600 17 - ASIENTO SECUNDARIO DE MATERIA - NOMBRE PERSONAL [R] | |
| Nombre personal [NR] | Vermeer, Johannes |
| Fechas asociadas con el nombre [NR] | 1632-1675. |
| Subdivisión de forma [R] | Obras de arte |
| 9 (RLIN) | 93178 |
| 650 #7 - ASIENTO SECUNDARIO DE MATERIA - TERMINO TEMATICO [R] | |
| Término temático o nombre geográfico como elemento de entrada [NR] | Pintores holandeses |
| Subdivisión de forma [R] | Biografías |
| 9 (RLIN) | 21515 |
| 650 #7 - ASIENTO SECUNDARIO DE MATERIA - TERMINO TEMATICO [R] | |
| Término temático o nombre geográfico como elemento de entrada [NR] | Arte |
| 9 (RLIN) | 9444 |
| Subdivisión de forma [R] | Cine documental |
| Subdivisión geográfica [R] | Holanda |
| 650 #7 - ASIENTO SECUNDARIO DE MATERIA - TERMINO TEMATICO [R] | |
| Término temático o nombre geográfico como elemento de entrada [NR] | Música |
| Subdivisión de forma [R] | Cine documental |
| 9 (RLIN) | 19976 |
| Subdivisión geográfica [R] | Holanda |
| 650 #7 - ASIENTO SECUNDARIO DE MATERIA - TERMINO TEMATICO [R] | |
| Término temático o nombre geográfico como elemento de entrada [NR] | Pintura holandesa |
| 9 (RLIN) | 21551 |
| Subdivisión de forma [R] | Cine documental |
| 700 1# - ASIENTO SECUNDARIO - NOMBRE PERSONAL [R] | |
| Nombre personal [NR] | Grabsky, Phil |
| 9 (RLIN) | 93053 |
| 700 1# - ASIENTO SECUNDARIO - NOMBRE PERSONAL [R] | |
| Nombre personal [NR] | Harding, Ben |
| 9 (RLIN) | 93179 |
| 700 1# - ASIENTO SECUNDARIO - NOMBRE PERSONAL [R] | |
| Nombre personal [NR] | Marlow, Tim |
| Fechas asociadas con el nombre [NR] | 1963- |
| 9 (RLIN) | 93054 |
| 700 1# - ASIENTO SECUNDARIO - NOMBRE PERSONAL [R] | |
| Nombre personal [NR] | Corbett, Clare |
| 9 (RLIN) | 93180 |
| 700 1# - ASIENTO SECUNDARIO - NOMBRE PERSONAL [R] | |
| Nombre personal [NR] | Wieseman, Betsy |
| 9 (RLIN) | 93159 |
| 700 1# - ASIENTO SECUNDARIO - NOMBRE PERSONAL [R] | |
| Nombre personal [NR] | Stolz, Ernst |
| 9 (RLIN) | 93181 |
| 700 1# - ASIENTO SECUNDARIO - NOMBRE PERSONAL [R] | |
| Nombre personal [NR] | Wheelock, Arthur K. |
| Títulos u otras palabras asociadas con el nombre [R] | Jr., |
| Fechas asociadas con el nombre [NR] | 1943- |
| 9 (RLIN) | 93182 |
| 700 1# - ASIENTO SECUNDARIO - NOMBRE PERSONAL [R] | |
| Nombre personal [NR] | Liedtke, Walter A. |
| 9 (RLIN) | 93183 |
| 700 1# - ASIENTO SECUNDARIO - NOMBRE PERSONAL [R] | |
| Nombre personal [NR] | Brislin, Ray |
| 9 (RLIN) | 93184 |
| 700 1# - ASIENTO SECUNDARIO - NOMBRE PERSONAL [R] | |
| Nombre personal [NR] | Chevalier, Tracy |
| 9 (RLIN) | 58345 |
| 710 2# - ASIENTO SECUNDARIO - NOMBRE CORPORATIVO [R] | |
| Nombre corporativo o de jurisdicción como elemento de entrada [NR] | Exhibition on Screen Ltd., |
| 9 (RLIN) | 93185 |
| 710 2# - ASIENTO SECUNDARIO - NOMBRE CORPORATIVO [R] | |
| Nombre corporativo o de jurisdicción como elemento de entrada [NR] | Academy of Ancient Music (1973- ). |
| Unidad subordinada [R] | Classical Chamber Ensemble |
| 9 (RLIN) | 93186 |
| 942 ## - ELEMENTOS DE ENTRADA AGREGADOS (KOHA) | |
| Source of classification or shelving scheme | DEWEY |
| Tema principal | Arte |
| Koha item type | Multimedia |
| Edition | 1 |
| Classification part | 759.9492 |
| Call number suffix | F931n |
| Suprimido | Perdido | Sistema de clasificación | Dañado | No prestable | Tipo de ítem específico | Ubicación habitual | Ubicación actual | Localización | Fecha de creación | Proveedor | Forma de adquisición | Costo | Volúmen / Fascículo | Total préstamos | Signatura topográfica | Código de barras | Última vez visto | Ejemplar | Costo de reposición | Price effective from | Tipo de ítem |
|---|---|---|---|---|---|---|---|---|---|---|---|---|---|---|---|---|---|---|---|---|---|
| DEWEY | DVD | Bodega | Bodega | 5to piso | 18/07/2018 | 12 | Donación | 0.00 | DVD | 759.9492 F931n | 100157619 | 11/12/2025 | Ej.2 | 26000.00 | 18/07/2018 | Multimedia | |||||
| DEWEY | DVD | Procesos Técnicos (no para préstamo) | Procesos Técnicos (no para préstamo) | Procesos Técnicos | 12/07/2018 | 136 | Compra | 424284.00 | DVD | 759.9492 F931n | 100157453 | 03/12/2025 | Ej.1 | 424284.00 | 12/07/2018 | Multimedia |